[Event "32. Copenhagen Open (Politiken Cup)"]
[Site "Elsinore"]
[Date "2010.08.01"]
[Round "3"]
[White "Rej, Tomek"]
[Black "Andreassen, Mikkel"]
[Result "1-0"]
[WhiteElo "2334"]
[BlackElo "1968"]
[PlyCount "61"]
[EventDate "2010.07.31"]
[EventType "swiss"]
[EventRounds "10"]
[EventCountry "DEN"]
[Source "ChessBase"]
[SourceDate "2010.09.01"]

1. e4 e5 2. Nf3 Nc6 3. Bc4 Nf6 4. Ng5 d5 5. exd5 Na5 6. Bb5+ c6 7. dxc6 bxc6 8.
Bd3 h6 9. Ne4 Nd5 10. O-O Be7 11. Ng3 O-O 12. Bf5 Bb7 13. d3 c5 14. Nc3 Nf4 15.
Be4 f5 16. Bxb7 Nxb7 17. Qf3 Rb8 18. Bxf4 exf4 19. Qxf4 Nd6 20. Rab1 Bf6 21.
Nxf5 Nxf5 22. Qxf5 Bxc3 23. Qe6+ Kh8 24. bxc3 Rxb1 25. Rxb1 Re8 26. Qc6 Qe7 27.
g3 Qe5 28. d4 cxd4 29. cxd4 Qe2 30. d5 Rf8 31. Qc5 1-0

[Event "32. Copenhagen Open (Politiken Cup)"]
[Site "Elsinore"]
[Date "2010.08.01"]
[Round "3"]
[White "Rolvag, Birk Anders"]
[Black "Eriksson, Christian Altenburg"]
[Result "0-1"]
[WhiteElo "1919"]
[BlackElo "2128"]
[PlyCount "90"]
[EventDate "2010.07.31"]
[EventType "swiss"]
[EventRounds "10"]
[EventCountry "DEN"]
[Source "ChessBase"]
[SourceDate "2010.09.01"]

1. Nf3 d5 2. d4 Nf6 3. g3 c6 4. Bg2 Bf5 5. O-O e6 6. Bf4 h6 7. Re1 Be7 8. Nbd2
Nbd7 9. Ne5 Qb6 10. Nb3 O-O 11. Nxd7 Nxd7 12. e4 dxe4 13. Bxe4 Bxe4 14. Rxe4
Rad8 15. Qf3 Nf6 16. Re2 Nd5 17. Bd2 Qc7 18. Rae1 b6 19. c3 Rfe8 20. Nc1 c5 21.
dxc5 bxc5 22. Nd3 Bd6 23. Ne5 Nb6 24. Ng4 h5 25. Ne3 g6 26. h4 Bf8 27. g4 hxg4
28. Nxg4 Bg7 29. Bg5 Rd5 30. Bf6 Rf5 31. Qg2 Rxf6 32. Nxf6+ Bxf6 33. h5 g5 34.
Qf3 Qf4 35. Qg2 Qf5 36. f4 Nd5 37. fxg5 Qxg5 38. Qxg5+ Bxg5 39. Re5 Be7 40.
R5e4 Nf6 41. Ra4 Ra8 42. Rd1 Kg7 43. b4 cxb4 44. cxb4 Nd5 45. a3 Nc3 0-1

[Event "32. Copenhagen Open (Politiken Cup)"]
[Site "Elsinore"]
[Date "2010.08.01"]
[Round "3"]
[White "Rosenkilde, Alexander"]
[Black "Postny, Evgeny"]
[Result "0-1"]
[WhiteElo "2204"]
[BlackElo "2577"]
[PlyCount "112"]
[EventDate "2010.07.31"]
[EventType "swiss"]
[EventRounds "10"]
[EventCountry "DEN"]
[Source "ChessBase"]
[SourceDate "2010.09.01"]

1. d4 Nf6 2. c4 c5 3. d5 b5 4. cxb5 a6 5. bxa6 g6 6. Nc3 Bxa6 7. g3 Bg7 8. Bg2
d6 9. Nf3 Nbd7 10. O-O O-O 11. Qc2 Ra7 12. Rd1 Qa8 13. a4 Rb8 14. e4 Ng4 15.
Rb1 Rab7 16. b3 Nde5 17. Nxe5 Nxe5 18. Na2 Bc4 19. f4 Bxb3 20. Rxb3 Rxb3 21.
fxe5 Bxe5 22. Qc4 Qa7 23. Bf1 h5 24. Rd3 Rb1 25. Kg2 Ra1 26. Rd2 Ra8 27. Bb2
Bxb2 28. Rxb2 Qxa4 29. Qxa4 Rxa4 30. Nc3 Rb4 31. Rc2 Ra3 32. Be2 Rab3 33. Kf2
Rb2 34. Rc1 Rd4 35. Ke3 Rdd2 36. h4 Rdc2 37. Rxc2 Rxc2 38. Nb5 Kg7 39. Na7 Kf6
40. Nc6 Ra2 41. Bc4 Ra4 42. Be2 c4 43. Kd4 c3+ 44. Kxc3 Ra3+ 45. Kd4 Rxg3 46.
e5+ dxe5+ 47. Nxe5 Rh3 48. Nf3 Kf5 49. Bd3+ Kf4 50. Ne5 Rxh4 51. Nc6 Kg5+ 52.
Ke5 Rh1 53. Nxe7 Re1+ 54. Kd6 h4 55. Nc6 h3 56. Nd4 Kf4 0-1

[Event "32. Copenhagen Open (Politiken Cup)"]
[Site "Elsinore"]
[Date "2010.08.01"]
[Round "3"]
[White "Satre, Roger"]
[Black "Jorgensen, Carina Eilegaard"]
[Result "1-0"]
[WhiteElo "1801"]
[BlackElo "2038"]
[PlyCount "91"]
[EventDate "2010.07.31"]
[EventType "swiss"]
[EventRounds "10"]
[EventCountry "DEN"]
[Source "ChessBase"]
[SourceDate "2010.09.01"]

1. e4 c6 2. d4 d5 3. Nc3 dxe4 4. Nxe4 Bf5 5. Ng3 Bg6 6. h4 h6 7. Nf3 Nd7 8. h5
Bh7 9. Bd3 Bxd3 10. Qxd3 Ngf6 11. Bd2 e6 12. O-O-O c5 13. Qe2 cxd4 14. Nxd4 Qb6
15. Nb3 Nc5 16. Be3 Nxb3+ 17. axb3 Qa5 18. Kb1 Bc5 19. Nf5 O-O 20. Nxh6+ Kh8
21. Ng4 Nxg4 22. Qxg4 Bxe3 23. fxe3 Rad8 24. Qf3 Rxd1+ 25. Rxd1 Qc7 26. h6 f6
27. Rh1 g5 28. Qe4 Qf7 29. h7 Kg7 30. Qd4 b6 31. Qd6 e5 32. c4 Rh8 33. Qd3 Qe6
34. b4 f5 35. Qd5 Qf6 36. c5 f4 37. e4 g4 38. Qd7+ Kf8 39. Qxg4 bxc5 40. bxc5
Ke7 41. Qh4 Qxh4 42. Rxh4 Kf6 43. c6 Ke7 44. Rh6 Kd8 45. Kc2 Kc7 46. Kc3 1-0

[Event "32. Copenhagen Open (Politiken Cup)"]
[Site "Elsinore"]
[Date "2010.08.01"]
[Round "3"]
[White "Schandorff, Lars"]
[Black "Hansen, Morten Moller"]
[Result "1-0"]
[WhiteElo "2491"]
[BlackElo "2154"]
[PlyCount "89"]
[EventDate "2010.07.31"]
[EventType "swiss"]
[EventRounds "10"]
[EventCountry "DEN"]
[Source "ChessBase"]
[SourceDate "2010.09.01"]

1. d4 d5 2. c4 e6 3. Nf3 c6 4. Qc2 f5 5. Nc3 Nf6 6. Bf4 Be7 7. e3 O-O 8. Bd3
Ne4 9. h3 Nd7 10. O-O g5 11. Bh2 Qe8 12. Ne2 Qh5 13. Ne5 Ndf6 14. f3 Nd6 15. a3
Qh6 16. b4 a6 17. Rae1 Qg7 18. g4 h5 19. c5 Nc4 20. Bxc4 dxc4 21. Qxc4 fxg4 22.
fxg4 Qh7 23. Ng3 hxg4 24. hxg4 Qh3 25. Qc2 Qh7 26. Qg6+ Qg7 27. Nh5 Nxh5 28.
gxh5 Bf6 29. Qxg7+ Bxg7 30. Rxf8+ Bxf8 31. Nc4 Bd7 32. Nb6 Rd8 33. Bc7 Rc8 34.
Nxc8 Bxc8 35. Bd6 Bg7 36. Be5 Bd7 37. Kf2 Kh7 38. Kg3 Bxe5+ 39. dxe5 Be8 40.
Rf1 Bxh5 41. Rf6 Kg7 42. Rxe6 Kf7 43. Rf6+ Kg7 44. Rf5 Kg6 45. e4 1-0

[Event "32. Copenhagen Open (Politiken Cup)"]
[Site "Elsinore"]
[Date "2010.08.01"]
[Round "3"]
[White "Schmidt, Horst Hubert"]
[Black "Taksrud, Vidar"]
[Result "0-1"]
[WhiteElo "1878"]
[BlackElo "2097"]
[PlyCount "68"]
[EventDate "2010.07.31"]
[EventType "swiss"]
[EventRounds "10"]
[EventCountry "DEN"]
[Source "ChessBase"]
[SourceDate "2010.09.01"]

1. d4 d5 2. Nf3 Nf6 3. e3 g6 4. h3 Bg7 5. c4 O-O 6. cxd5 Nxd5 7. Bc4 Nb6 8. Bb3
Nc6 9. O-O e5 10. d5 Na5 11. e4 Nxb3 12. Qxb3 Bd7 13. Nc3 Qe8 14. Be3 f5 15.
Bc5 Rf6 16. d6+ Be6 17. Nd5 fxe4 18. Bxb6 axb6 19. Ng5 Bxd5 20. Qxd5+ Kh8 21.
d7 Qe7 22. Nxe4 c6 23. Qb3 Rf4 24. Qd3 Rd8 25. Rfd1 Kg8 26. g3 Rf7 27. Qb3 Kh8
28. Nd6 Rff8 29. Nxb7 Rxd7 30. Rxd7 Qxd7 31. Qxb6 e4 32. Na5 Bd4 33. Qxc6 Qxh3
34. Qxe4 Bxf2# 0-1

[Event "32. Copenhagen Open (Politiken Cup)"]
[Site "Elsinore"]
[Date "2010.08.01"]
[Round "3"]
[White "Schmied, Andreas"]
[Black "Nielsen, Palle"]
[Result "1/2-1/2"]
[WhiteElo "2069"]
[BlackElo "1851"]
[PlyCount "92"]
[EventDate "2010.07.31"]
[EventType "swiss"]
[EventRounds "10"]
[EventCountry "DEN"]
[Source "ChessBase"]
[SourceDate "2010.09.01"]

1. e4 c5 2. Nf3 d6 3. d4 cxd4 4. Nxd4 Nf6 5. Nc3 Nc6 6. Bg5 Bd7 7. Qd2 Nxd4 8.
Qxd4 Qa5 9. f4 Bc6 10. O-O-O Nd7 11. Nd5 Bxd5 12. Qxd5 Qxd5 13. Rxd5 f6 14. Bh4
g6 15. Bf2 a6 16. g3 Rc8 17. Bh3 Rc7 18. Rhd1 Kf7 19. b4 Bg7 20. a4 Rhc8 21.
R1d2 Bf8 22. R5d3 e6 23. Rb3 f5 24. exf5 gxf5 25. g4 fxg4 26. Bxg4 Nf6 27. Bh3
Ne4 28. Re2 d5 29. f5 Bh6+ 30. Be3 Bxe3+ 31. Rbxe3 e5 32. f6 Re8 33. Kb2 Ng5
34. Bg4 Kxf6 35. Rf2+ Kg6 36. h4 Nf7 37. Rg3 Kh6 38. Rf6+ Kg7 39. Rf5 Kh8 40.
Bh5 Nd6 41. Bxe8 Nxf5 42. Rg5 Nd6 43. Bh5 d4 44. Be2 Re7 45. Kb3 Ne4 46. Rg2
Nd6 1/2-1/2

[Event "32. Copenhagen Open (Politiken Cup)"]
[Site "Elsinore"]
[Date "2010.08.01"]
[Round "3"]
[White "Schnurre, Henri"]
[Black "Larsen, Eigil"]
[Result "0-1"]
[WhiteElo "1605"]
[BlackElo "1813"]
[PlyCount "86"]
[EventDate "2010.07.31"]
[EventType "swiss"]
[EventRounds "10"]
[EventCountry "DEN"]
[Source "ChessBase"]
[SourceDate "2010.09.01"]

1. d4 Nf6 2. Nc3 d5 3. e4 dxe4 4. f3 exf3 5. Nxf3 Bf5 6. Bc4 e6 7. O-O Be7 8.
Bg5 Nbd7 9. Bd3 Bxd3 10. Qxd3 O-O 11. Ne4 Nxe4 12. Bxe7 Qxe7 13. Qxe4 c6 14. c3
Nf6 15. Qh4 c5 16. Ne5 cxd4 17. Rf3 dxc3 18. Rxc3 Rac8 19. Rac1 Rxc3 20. Rxc3
Qd6 21. Nd3 h6 22. a3 Re8 23. g4 Qd4+ 24. Nf2 Ne4 25. Rd3 Qxf2+ 26. Qxf2 Nxf2
27. Kxf2 Re7 28. Rf3 Rc7 29. b4 f6 30. Re3 Kf7 31. Kf3 g6 32. Kg3 f5 33. Rf3
Kf6 34. h4 g5 35. h5 Rc4 36. gxf5 exf5 37. Rd3 Ke5 38. Rd8 Rc3+ 39. Kf2 Rxa3
40. Re8+ Kf4 41. Re6 Ra2+ 42. Ke1 Ra6 43. Re7 Rb6 0-1

[Event "32. Copenhagen Open (Politiken Cup)"]
[Site "Elsinore"]
[Date "2010.08.01"]
[Round "3"]
[White "Sjol, Henrik"]
[Black "Nielsen, Borge Hjerrild"]
[Result "1/2-1/2"]
[WhiteElo "1849"]
[BlackElo "2067"]
[PlyCount "41"]
[EventDate "2010.07.31"]
[EventType "swiss"]
[EventRounds "10"]
[EventCountry "DEN"]
[Source "ChessBase"]
[SourceDate "2010.09.01"]

1. e4 c6 2. d4 d5 3. Nc3 dxe4 4. Nxe4 Nd7 5. Nf3 Ngf6 6. Neg5 e6 7. Bd3 Bd6 8.
Qe2 h6 9. Ne4 Nxe4 10. Qxe4 Qc7 11. Bd2 Nf6 12. Qe2 b6 13. O-O-O Bb7 14. h3
O-O-O 15. Rhe1 Bf4 16. c3 Bxd2+ 17. Rxd2 Nd5 18. Ba6 Nf4 19. Bxb7+ Kxb7 20. Qf1
Rhe8 21. g3 1/2-1/2

[Event "32. Copenhagen Open (Politiken Cup)"]
[Site "Elsinore"]
[Date "2010.08.01"]
[Round "3"]
[White "Skjoldager, Flemming"]
[Black "Jensen, Steen Dahlgaard"]
[Result "1-0"]
[WhiteElo "2006"]
[BlackElo "1789"]
[PlyCount "75"]
[EventDate "2010.07.31"]
[EventType "swiss"]
[EventRounds "10"]
[EventCountry "DEN"]
[Source "ChessBase"]
[SourceDate "2010.09.01"]

1. Nf3 d5 2. b3 Nf6 3. Bb2 e6 4. e3 Be7 5. c4 b6 6. g3 dxc4 7. bxc4 O-O 8. Bg2
Bb7 9. O-O Nbd7 10. d4 c5 11. Nc3 Re8 12. Qb3 Ne4 13. Rfd1 Qb8 14. d5 Nxc3 15.
Bxc3 exd5 16. cxd5 Bf6 17. Nd2 Bxc3 18. Qxc3 Qe5 19. Qxe5 Nxe5 20. e4 b5 21.
Rab1 b4 22. f4 Nd7 23. Nc4 Red8 24. e5 Rab8 25. Na5 Ba8 26. Nc6 Bxc6 27. dxc6
Nb6 28. c7 Rxd1+ 29. Rxd1 Rf8 30. Bf1 g6 31. Rd8 a5 32. Rb8 Nc8 33. Ra8 Nb6 34.
Rxa5 Rc8 35. Rb5 Nd7 36. Rb7 Kg7 37. Bh3 Nb6 38. Bxc8 1-0

[Event "32. Copenhagen Open (Politiken Cup)"]
[Site "Elsinore"]
[Date "2010.08.01"]
[Round "3"]
[White "Skjoldager, Per"]
[Black "Schmitt, Carsten"]
[Result "1-0"]
[WhiteElo "2137"]
[BlackElo "1933"]
[PlyCount "81"]
[EventDate "2010.07.31"]
[EventType "swiss"]
[EventRounds "10"]
[EventCountry "DEN"]
[Source "ChessBase"]
[SourceDate "2010.09.01"]

1. e4 c5 2. d3 Nc6 3. g3 d6 4. Bg2 g6 5. Nf3 Bg7 6. O-O Nf6 7. c3 O-O 8. Nbd2
Rb8 9. a4 a6 10. Re1 Nd7 11. Nf1 b5 12. axb5 axb5 13. d4 b4 14. Be3 bxc3 15.
bxc3 Qc7 16. Qd3 Na5 17. N1d2 c4 18. Qc2 Ba6 19. Ra2 Rb5 20. Bf1 Bb7 21. Rb1
Rxb1 22. Qxb1 Rb8 23. Qb5 Nb3 24. Qxc4 Nxd2 25. Nxd2 Qd8 26. Bg2 e5 27. h4 Nb6
28. Qb4 Nd7 29. Qc4 Nb6 30. Qd3 d5 31. dxe5 Bxe5 32. exd5 Nxd5 33. Bxd5 Bxc3
34. Bxf7+ Kxf7 35. Qxc3 Rc8 36. Qb3+ Bd5 37. Ra7+ Kg8 38. Qb2 Qf8 39. f3 Ra8
40. Rxa8 Qxa8 41. Bh6 1-0

[Event "32. Copenhagen Open (Politiken Cup)"]
[Site "Elsinore"]
[Date "2010.08.01"]
[Round "3"]
[White "Skovgaard, Peter Nicolai"]
[Black "Christensen, Verner"]
[Result "1-0"]
[WhiteElo "2299"]
[BlackElo "1968"]
[PlyCount "43"]
[EventDate "2010.07.31"]
[EventType "swiss"]
[EventRounds "10"]
[EventCountry "DEN"]
[Source "ChessBase"]
[SourceDate "2010.09.01"]

1. e4 e5 2. Nf3 Nc6 3. Bb5 f5 4. d3 Nf6 5. exf5 d6 6. d4 e4 7. d5 a6 8. dxc6
axb5 9. cxb7 Bxb7 10. Nd4 Qd7 11. Qe2 Ba6 12. Bg5 b4 13. Qe3 Kf7 14. Bxf6 gxf6
15. Qxe4 Re8 16. Ne6 c5 17. Nd2 d5 18. Qf3 h5 19. a3 Qb7 20. axb4 cxb4 21. Nb3
Bd6 22. Rd1 1-0

[Event "32. Copenhagen Open (Politiken Cup)"]
[Site "Elsinore"]
[Date "2010.08.01"]
[Round "3"]
[White "Sorensen, Dick"]
[Black "Rasmussen, Ole H"]
[Result "1-0"]
[WhiteElo "1949"]
[BlackElo "1746"]
[PlyCount "57"]
[EventDate "2010.07.31"]
[EventType "swiss"]
[EventRounds "10"]
[EventCountry "DEN"]
[Source "ChessBase"]
[SourceDate "2010.09.01"]

1. d4 d5 2. c4 Nf6 3. cxd5 Nxd5 4. e4 Nb6 5. Nc3 e6 6. Nf3 N8d7 7. a4 Nf6 8. a5
Nbd7 9. Bc4 Bb4 10. Qc2 O-O 11. Bg5 Qe8 12. O-O c6 13. h3 h6 14. Bf4 Qd8 15. a6
bxa6 16. Bxa6 Qb6 17. Bd3 c5 18. Na4 Qc6 19. Rfc1 Bb7 20. Nxc5 Nxc5 21. dxc5
Rfd8 22. Ne5 Qe8 23. c6 Bc8 24. c7 Rd6 25. Bb5 Qe7 26. Bc6 Rxc6 27. Nxc6 Qe8
28. Qc4 a5 29. Nxb4 1-0

[Event "32. Copenhagen Open (Politiken Cup)"]
[Site "Elsinore"]
[Date "2010.08.01"]
[Round "3"]
[White "Stojanovski, Sandi"]
[Black "Knudsen, Jes West"]
[Result "1-0"]
[WhiteElo "2208"]
[BlackElo "1985"]
[PlyCount "79"]
[EventDate "2010.07.31"]
[EventType "swiss"]
[EventRounds "10"]
[EventCountry "DEN"]
[Source "ChessBase"]
[SourceDate "2010.09.01"]

1. Nf3 f5 2. d4 Nf6 3. g3 g6 4. Bg2 Bg7 5. O-O O-O 6. b3 Ne4 7. Bb2 Nc6 8. Nbd2
d5 9. c4 e6 10. e3 g5 11. Nxe4 fxe4 12. Nd2 Ne7 13. f3 exf3 14. Nxf3 Nf5 15.
Qe2 g4 16. Ne5 h5 17. e4 dxe4 18. Qxe4 c6 19. Rad1 Qe8 20. Rfe1 Ne7 21. Ba3 Rf5
22. Nd3 Ra5 23. Bxe7 Qxe7 24. Re2 Qd6 25. Nf4 Bd7 26. Qg6 Rf8 27. Nxe6 Rf7 28.
d5 Bxe6 29. Rxe6 Qc5+ 30. Kh1 Rxa2 31. Re8+ Rf8 32. Rxf8+ Qxf8 33. Rf1 Rf2 34.
Re1 Rd2 35. Rf1 Rf2 36. Re1 Rd2 37. Qxh5 cxd5 38. Bxd5+ Rxd5 39. Qxd5+ Kh7 40.
Qe4+ 1-0

[Event "32. Copenhagen Open (Politiken Cup)"]
[Site "Elsinore"]
[Date "2010.08.01"]
[Round "3"]
[White "Thingstad, Even"]
[Black "Carlstedt, Jonathan"]
[Result "0-1"]
[WhiteElo "2142"]
[BlackElo "2379"]
[PlyCount "110"]
[EventDate "2010.07.31"]
[EventType "swiss"]
[EventRounds "10"]
[EventCountry "DEN"]
[Source "ChessBase"]
[SourceDate "2010.09.01"]

1. d4 d5 2. c4 e6 3. Nc3 c5 4. cxd5 exd5 5. Nf3 Nc6 6. g3 Nf6 7. Bg2 Be7 8. O-O
O-O 9. Bg5 c4 10. Ne5 Be6 11. b3 Rc8 12. bxc4 dxc4 13. Nxc6 bxc6 14. Qd2 Qd7
15. Rfd1 Rfd8 16. Qc2 h6 17. Bc1 Nd5 18. Rb1 Nxc3 19. Qxc3 Bf6 20. Qc2 Re8 21.
Bb2 Rb8 22. e4 Rb5 23. d5 cxd5 24. Bxf6 Rxb1 25. Qxb1 gxf6 26. exd5 Bf5 27. Qc1
Qa4 28. Bf3 Bh3 29. d6 Kg7 30. Qd2 a5 31. Rc1 Qa3 32. Bg2 c3 33. Rxc3 Qxa2 34.
Qc1 Bxg2 35. Kxg2 Qd5+ 36. Kg1 Qxd6 37. Ra3 Re1+ 38. Qxe1 Qxa3 39. Qe2 Qb4 40.
f4 Qc5+ 41. Kg2 a4 42. Qg4+ Kf8 43. Qd1 a3 44. Qb3 Qa5 45. Qa2 Qb4 46. Kh3 Qb2
47. Qc4 a2 48. Qc8+ Ke7 49. Qc5+ Ke6 50. Qc8+ Kd5 51. Qf5+ Kd6 52. Qd3+ Ke7 53.
Qe3+ Kf8 54. Qc5+ Kg7 55. Qc8 h5 0-1

[Event "32. Copenhagen Open (Politiken Cup)"]
[Site "Elsinore"]
[Date "2010.08.01"]
[Round "3"]
[White "Veelenturf, Wim"]
[Black "Nielsen, Aage Sondergaard"]
[Result "0-1"]
[WhiteElo "1719"]
[BlackElo "1944"]
[PlyCount "98"]
[EventDate "2010.07.31"]
[EventType "swiss"]
[EventRounds "10"]
[EventCountry "DEN"]
[Source "ChessBase"]
[SourceDate "2010.09.01"]

1. Nf3 f5 2. g3 Nf6 3. Bg2 g6 4. d4 Bg7 5. O-O O-O 6. c4 d6 7. Nc3 c6 8. Re1
Na6 9. a3 Nc7 10. Rb1 h6 11. e3 Qe8 12. Qc2 Qf7 13. Nd2 e5 14. b3 e4 15. Ne2 g5
16. Bb2 d5 17. Rbc1 Be6 18. a4 Qg6 19. f3 Rf7 20. Rf1 Qh5 21. Rce1 Bf8 22. c5
Be7 23. Rf2 Kh8 24. Nc1 Rg8 25. Nf1 Nce8 26. Qe2 Qg6 27. h3 h5 28. Nh2 Bd8 29.
b4 Bc7 30. Nf1 h4 31. g4 exf3 32. Bxf3 fxg4 33. hxg4 Rgf8 34. Nd3 Ne4 35. Bxe4
Qxe4 36. Rxf7 Rxf7 37. Nf2 Qg6 38. Nh2 Bg3 39. Rf1 Nf6 40. Bc1 Ne4 41. Nxe4
Qxe4 42. Rxf7 Bxf7 43. Qf1 Kg7 44. Qf5 Bxh2+ 45. Kxh2 Qxf5 46. gxf5 Kf6 47. e4
dxe4 48. Be3 Bb3 49. a5 Bc4 0-1

[Event "32. Copenhagen Open (Politiken Cup)"]
[Site "Elsinore"]
[Date "2010.08.01"]
[Round "3"]
[White "Veng, Johny"]
[Black "Macieja, Bartlomiej"]
[Result "1/2-1/2"]
[WhiteElo "2294"]
[BlackElo "2639"]
[PlyCount "67"]
[EventDate "2010.07.31"]
[EventType "swiss"]
[EventRounds "10"]
[EventCountry "DEN"]
[Source "ChessBase"]
[SourceDate "2010.09.01"]

1. d4 Nf6 2. c4 e6 3. g3 Bb4+ 4. Bd2 Qe7 5. Nf3 Nc6 6. Nc3 Bxc3 7. Bxc3 Ne4 8.
Rc1 O-O 9. Bg2 d6 10. d5 Nd8 11. O-O Nxc3 12. Rxc3 e5 13. Nd2 f5 14. c5 dxc5
15. Nb3 e4 16. Nxc5 b6 17. Nb3 Bb7 18. f3 Qe5 19. fxe4 fxe4 20. Rxf8+ Kxf8 21.
Qd4 Qxd5 22. Rxc7 Nf7 23. Rxb7 Qxb7 24. Bxe4 Qc8 25. Bxa8 Qxa8 26. Qf4 h6 27.
Nd4 Kg8 28. Ne6 Qc8 29. Qe4 Qc1+ 30. Kf2 Qxb2 31. Qa8+ Kh7 32. Nf8+ Kg8 33.
Ne6+ Kh7 34. Nf8+ 1/2-1/2

[Event "32. Copenhagen Open (Politiken Cup)"]
[Site "Elsinore"]
[Date "2010.08.01"]
[Round "3"]
[White "Wiecker, Stefan"]
[Black "Tandrup, Michael"]
[Result "1-0"]
[WhiteElo "2188"]
[BlackElo "1968"]
[PlyCount "67"]
[EventDate "2010.07.31"]
[EventType "swiss"]
[EventRounds "10"]
[EventCountry "DEN"]
[Source "ChessBase"]
[SourceDate "2010.09.01"]

1. e4 d5 2. exd5 Qxd5 3. Nc3 Qa5 4. d4 Nf6 5. Bc4 c6 6. Bd2 Qb6 7. Nf3 Bf5 8.
Qe2 e6 9. O-O-O Nbd7 10. Ne5 Nxe5 11. dxe5 Nd5 12. g4 Bg6 13. f4 O-O-O 14. Rhf1
h6 15. f5 Bh7 16. Bb3 Be7 17. Na4 Qc7 18. c4 Nb4 19. Bxb4 Bxb4 20. a3 Be7 21.
c5 Bg5+ 22. Kb1 Rxd1+ 23. Rxd1 Rd8 24. Rd6 Be7 25. Ka2 exf5 26. Bxf7 Kb8 27.
Bb3 f4 28. Qc4 Qc8 29. Rxd8 Qxd8 30. Qxf4 Qd3 31. Nc3 Bxc5 32. e6+ Kc8 33. e7
Bxe7 34. Be6+ 1-0

[Event "32. Copenhagen Open (Politiken Cup)"]
[Site "Elsinore"]
[Date "2010.08.01"]
[Round "3"]
[White "Wimo, Jorgen"]
[Black "Hyldkrog, Lars"]
[Result "1/2-1/2"]
[WhiteElo "1807"]
[BlackElo "2044"]
[PlyCount "61"]
[EventDate "2010.07.31"]
[EventType "swiss"]
[EventRounds "10"]
[EventCountry "DEN"]
[Source "ChessBase"]
[SourceDate "2010.09.01"]

1. e4 e6 2. d4 d5 3. exd5 exd5 4. Nf3 Bd6 5. Bd3 Nc6 6. c3 Nge7 7. Na3 Bxa3 8.
bxa3 Bf5 9. O-O O-O 10. Re1 Qd7 11. Bb5 a6 12. Ne5 Qd6 13. Bxc6 Nxc6 14. Nxc6
Qxc6 15. Bb2 Rae8 16. Qd2 b5 17. Rxe8 Rxe8 18. Re1 Kf8 19. a4 bxa4 20. Ba3+ Kg8
21. Rxe8+ Qxe8 22. Bc5 Qe4 23. f3 Qe6 24. a3 f6 25. Kf2 Kf7 26. Qe3 h5 27.
Qxe6+ Kxe6 28. Ke3 Kd7 29. Kf4 Bb1 30. h4 g6 31. g4 1/2-1/2

[Event "32. Copenhagen Open (Politiken Cup)"]
[Site "Elsinore"]
[Date "2010.08.02"]
[Round "4"]
[White "Aagaard, Jacob"]
[Black "Stojanovski, Sandi"]
[Result "1-0"]
[WhiteElo "2542"]
[BlackElo "2208"]
[PlyCount "47"]
[EventDate "2010.07.31"]
[EventType "swiss"]
[EventRounds "10"]
[EventCountry "DEN"]
[Source "ChessBase"]
[SourceDate "2010.09.01"]

1. c4 c5 2. g3 Nc6 3. Bg2 g6 4. Nc3 Bg7 5. Nf3 e5 6. a3 a5 7. d4 Nxd4 8. Nxd4
cxd4 9. Nb5 d5 10. c5 Bf8 11. Bxd5 Bxc5 12. Qb3 Qe7 13. Bg5 f6 14. Bd2 Kf8 15.
O-O Kg7 16. Rac1 Bh3 17. Rxc5 Qxc5 18. Rc1 Qf8 19. Rc7+ Ne7 20. Be6 Bf5 21.
Bxf5 gxf5 22. Qe6 Re8 23. Nd6 Kg6 24. Rxe7 1-0

[Event "32. Copenhagen Open (Politiken Cup)"]
[Site "Elsinore"]
[Date "2010.08.02"]
[Round "4"]
[White "Andersen, Daniel"]
[Black "Nielsen, Jan Mose"]
[Result "0-1"]
[WhiteElo "1926"]
[BlackElo "2120"]
[PlyCount "78"]
[EventDate "2010.07.31"]
[EventType "swiss"]
[EventRounds "10"]
[EventCountry "DEN"]
[Source "ChessBase"]
[SourceDate "2010.09.01"]

1. c4 e5 2. Nc3 Nc6 3. Nf3 f5 4. d4 e4 5. Ng5 Nf6 6. g3 d5 7. e3 Ne7 8. Nh3 c6
9. Nf4 Ng6 10. cxd5 Nxf4 11. gxf4 Nxd5 12. Bc4 Be6 13. Qb3 b5 14. Bxd5 Bxd5 15.
Nxd5 Qxd5 16. Bd2 Qxb3 17. axb3 c5 18. dxc5 Bxc5 19. Bc3 Kf7 20. Rg1 Rhg8 21.
Rd1 Ke6 22. Ke2 g6 23. Rd2 Rgd8 24. Rgd1 Rxd2+ 25. Rxd2 Rc8 26. Rd1 Rc7 27. Rd2
Be7 28. Bd4 a6 29. Bc3 Rc6 30. Rd1 b4 31. Bd4 Rc2+ 32. Rd2 Rc1 33. Rd1 Rxd1 34.
Kxd1 Bd6 35. Kd2 g5 36. fxg5 Bxh2 37. Ke2 Bd6 38. f4 Kd5 39. Kd2 Bxf4 0-1

[Event "32. Copenhagen Open (Politiken Cup)"]
[Site "Elsinore"]
[Date "2010.08.02"]
[Round "4"]
[White "Andersen, Harry"]
[Black "Nielsen, Klaus"]
[Result "0-1"]
[WhiteElo "1871"]
[BlackElo "2095"]
[PlyCount "28"]
[EventDate "2010.07.31"]
[EventType "swiss"]
[EventRounds "10"]
[EventCountry "DEN"]
[Source "ChessBase"]
[SourceDate "2010.09.01"]

1. e4 c5 2. d4 cxd4 3. Nf3 Nc6 4. Nxd4 g6 5. Be3 Bg7 6. c4 d6 7. Nc3 Nh6 8. h3
f5 9. Bxh6 Bxd4 10. Qd2 fxe4 11. Nxe4 Bf5 12. Ng5 Qb6 13. g4 Bxb2 14. Rb1 Bxb1
0-1

[Event "32. Copenhagen Open (Politiken Cup)"]
[Site "Elsinore"]
[Date "2010.08.02"]
[Round "4"]
[White "Andersson, Christin"]
[Black "Fjellengen, Baard"]
[Result "1-0"]
[WhiteElo "2129"]
[BlackElo "1909"]
[PlyCount "141"]
[EventDate "2010.07.31"]
[EventType "swiss"]
[EventRounds "10"]
[EventCountry "DEN"]
[Source "ChessBase"]
[SourceDate "2010.09.01"]

1. e4 e5 2. Nf3 Nf6 3. Nc3 Nc6 4. Bb5 Nd4 5. O-O Be7 6. Nxe5 Nxb5 7. Nxb5 d6 8.
Nf3 Nxe4 9. Re1 d5 10. d3 Nc5 11. Bf4 O-O 12. Nxc7 Ne6 13. Nxe6 Bxe6 14. Nd4
Bd7 15. Qf3 Bc6 16. Be5 Bd6 17. Bxd6 Qxd6 18. Nf5 Qb4 19. Qg3 g6 20. Ne7+ Kg7
21. Nxc6 bxc6 22. Qe5+ Kg8 23. Qf6 Rae8 24. Rxe8 Rxe8 25. h3 Re6 26. Qc3 Qe7
27. Kf1 c5 28. Re1 d4 29. Rxe6 Qxe6 30. Qxc5 Qxa2 31. Qxd4 Qb1+ 32. Ke2 Qxc2+
33. Kf3 a5 34. g4 h6 35. Kg2 Qc6+ 36. Qe4 Qc2 37. Qe8+ Kg7 38. Qe5+ Kg8 39.
Qxa5 Qxb2 40. Qc7 Kg7 41. Qf4 Qb7+ 42. Qe4 Qb2 43. d4 Qb4 44. Qe5+ Kg8 45. d5
Qb7 46. Kh2 Qb6 47. Qf4 g5 48. Qg3 Kf8 49. Kg2 Qc5 50. Qb8+ Ke7 51. Qb7+ Kd6
52. Qxf7 Qxd5+ 53. Qxd5+ Kxd5 54. Kf3 Kd4 55. Ke2 Ke4 56. f3+ Kd4 57. Kd2 Kd5
58. Kd3 Ke5 59. Ke3 Kd5 60. f4 gxf4+ 61. Kxf4 Ke6 62. Kf3 Ke5 63. Ke3 Kd5 64.
h4 Ke5 65. Kf3 Kd5 66. Kf4 Ke6 67. Ke4 Kf6 68. Kd5 Kf7 69. Ke5 Ke7 70. Kf5 Kf7
71. h5 1-0

[Event "32. Copenhagen Open (Politiken Cup)"]
[Site "Elsinore"]
[Date "2010.08.02"]
[Round "4"]
[White "Andreassen, Mikkel"]
[Black "Christiansen, Torsten Sundgaar"]
[Result "0-1"]
[WhiteElo "1968"]
[BlackElo "1733"]
[PlyCount "70"]
[EventDate "2010.07.31"]
[EventType "swiss"]
[EventRounds "10"]
[EventCountry "DEN"]
[Source "ChessBase"]
[SourceDate "2010.09.01"]

1. d4 g6 2. c4 Nf6 3. Nf3 Bg7 4. g3 c6 5. Bg2 O-O 6. O-O d5 7. Nc3 e6 8. Qc2
Nbd7 9. Bg5 h6 10. Bd2 dxc4 11. a4 a5 12. e4 Nb6 13. Rad1 Qe7 14. Rfe1 Rd8 15.
Be3 Qb4 16. Ne5 Bd7 17. h4 Be8 18. f4 c5 19. dxc5 Nxa4 20. Rb1 Nxc5 21. Qf2 Nd3
22. Nxd3 Rxd3 23. Bf3 Bc6 24. Be2 Nxe4 25. Nxe4 Bxe4 26. Bxd3 Bxd3 27. Bd4 Bxd4
28. Qxd4 Bxb1 29. Rxb1 Rc8 30. Kf2 c3 31. Qxb4 axb4 32. bxc3 bxc3 33. Ke2 c2
34. Rc1 Kg7 35. Kd2 Kf6 0-1